000 01432nam a22002055i 4500
001 175947
003 ES-MaACL
005 20230906215942.0
008 101202s2009 sp o |||| | spa d
080 _a791-22(460.22)
245 0 0 _aPremio Los Olvidados 2008
_b: selección de cortometrajes de realizadores aragoneses.
246 3 3 _aLos olvidados
260 _a[Zaragoza] :
_bDepartamento de Educación, Cultura y Deporte,
_c[2009]
300 _a1 DVD-vídeo (129 m :
_bson., col. ;
_c12 cm +
_e1 folleto ([34] p. : il. col. y n. ; 22 cm)
505 0 _a1. Reality: Premio Los Olvidados, ex aequo / de Kim Gázquez - 2. Tengo un secreto: Premio Los Olvidados, ex aequo / de Carlos Val - 3. Made in Japan / de Ciro Altabás - 4. La bolita, la verdadera historia / de Arturo Artal y Juan Carrascal - 5. El sueño de Eva / de José Manuel Fandos - 6. El patio de mi casa / de Pilar Gutiérrez - 7. Salomón / de Ignacio Lasierra - 8. LZ 127 / de Jesús J. Obón - 9 EL hueco de Tristán Boj / de Paula Ortiz - 10. Niño balcón / de Pilar Palomero
594 _aRecopilación de cortometrajes realizados en España en 2007, seleccionados para el Premio Los Olvidados, patrocinado por el Gobierno de Aragón, en el Festival de Cine de Huesca y en la Semana del Cine y la Imagen de Fuentes de Ebro (SCIFE)
650 4 _aCortometrajes.
_9171097
710 1 _aAragón.
_bDiputación General.
_91410
852 _aES-MaACL
_j2267-F-14
999 _c175947
_d175947